00525nam a22001937a 450000500170000001000130001702000220003003500130005203700160006504000120008108200110009310000220010424500570012626000480018327000460023130000190027765000160029665000190031220170124110109.0 aA-805973 c00.00a8175100117 aA-805973 bCen Lib/Ret aDPLbEN aSbGOM aGomez, Christine  aOn the brink and other stories /cby Christine Gomez aNew DelhibReliance Publishing House c1996 bNew Delhia3026/7H, Ranjit Nagar e110008 a52p.c20cm(Hb) aLiterature  aShort stories